Az isteni dicsőség visszatükröződései a koronás fő izraelita értelmezései /

The enlightened absolutist rulers also thought of the Jews as subjects who could be changed and made useful. Differentiation of the Jewish institutional system, the decline of religious authority, the questioning of institutional legitimacy, the rationalisation of religious tradition, the pluralisat...

Teljes leírás

Elmentve itt :
Bibliográfiai részletek
Szerző: Glässer Norbert
Testületi szerző: „A királyhűség jól bevált útján...” Rendi és nemzeti kötődések szimbolikus változásai 1867 és 1918 között (2014) (Szeged)
Dokumentumtípus: Könyv része
Megjelent: 2016
Sorozat:A vallási kultúrakutatás könyvei
"A királyhűség jól bevált útján...": rendi és nemzeti kötődések szimbolikus változásai 1867 és 1918 között
Kulcsszavak:Zsidó vallás, Magyarország története - 20. sz., IV. Károly - magyar - király
Tárgyszavak:
Online Access:http://acta.bibl.u-szeged.hu/67433
LEADER 02432naa a2200265 i 4500
001 acta67433
005 20211123134408.0
008 200514s2016 hu o 0|| hun d
020 |a 978-963-306-491-7 
022 |a 2064-4825 
040 |a SZTE Egyetemi Kiadványok Repozitórium  |b hun 
041 |a hun 
100 1 |a Glässer Norbert 
245 1 3 |a Az isteni dicsőség visszatükröződései   |h [elektronikus dokumentum] :  |b a koronás fő izraelita értelmezései /  |c  Glässer Norbert 
260 |c 2016 
300 |a 405-422 
490 0 |a A vallási kultúrakutatás könyvei 
490 0 |a "A királyhűség jól bevált útján...": rendi és nemzeti kötődések szimbolikus változásai 1867 és 1918 között 
520 3 |a The enlightened absolutist rulers also thought of the Jews as subjects who could be changed and made useful. Differentiation of the Jewish institutional system, the decline of religious authority, the questioning of institutional legitimacy, the rationalisation of religious tradition, the pluralisation and individualisation of faith appeared in the Jewish communities as a modern phenomenon. In terms of the manifestations of the Jewish population’s loyalty towards the Austro-Hungarian state there were differences between the Jewry in Habsburg-Austria and in Hungary. While the former were expected to display a dynastic loyalty, the latter were expected to identify with the modern notion of the Hungarian nation. The Budapest-based Neolog Israelite weekly, Egyenlőség ascribed the continuing existence of peace between the peoples and denominations of the Monarchy to the Dynasty. It madethe Dynasty appear to be an institution above nations and religionswhich alone was destined to preserve the unity of the Empire. The essay studies the expectations of the power elite, the political reports of the civil society and the religious interpretations of Judaism adapted for the present. 
650 4 |a Bölcsészettudományok 
650 4 |a Történettudomány és régészet 
650 4 |a Filozófia, etika és vallástudományok 
695 |a Zsidó vallás, Magyarország története - 20. sz., IV. Károly - magyar - király 
710 |a „A királyhűség jól bevált útján...” Rendi és nemzeti kötődések szimbolikus változásai 1867 és 1918 között (2014) (Szeged) 
856 4 0 |u http://acta.bibl.u-szeged.hu/67433/1/vallasi_kulturakutatas_konyvei_025_405-422.pdf  |z Dokumentum-elérés